000 00668cam a2200169 4500
001 ABS61029
008 000000n1999 000 0 eng u
035 _a(Sirsi) u101583
100 _aLewsley, C.
245 _aRating valuation and repairs.
260 _c1999
490 _aRating & Valuation Reporter
_v39(6) 1999, 115-117(3)
520 _aDiscusses the implications of the Rating (Valuation) Act 1999 which re-establishes the principle that in valuing a property for rating it must be assumed to be in a reasonable state of repair, except where the repairs would be uneconomic. Case law.
650 _aREPAIRS
690 _aRATING AND VALUATION
942 _n0
999 _c60715
_d60715